LEADER 04644oam 2200673 450 001 996465604603316 005 20210521011443.0 010 $a3-540-74771-0 024 7 $a10.1007/978-3-540-74771-0 035 $a(CKB)1000000000490755 035 $a(SSID)ssj0000318663 035 $a(PQKBManifestationID)11239944 035 $a(PQKBTitleCode)TC0000318663 035 $a(PQKBWorkID)10311448 035 $a(PQKB)11653350 035 $a(DE-He213)978-3-540-74771-0 035 $a(MiAaPQ)EBC3063319 035 $a(MiAaPQ)EBC6413245 035 $a(PPN)123164850 035 $a(EXLCZ)991000000000490755 100 $a20210521d2007 uy 0 101 0 $aeng 135 $aurnn|008mamaa 181 $ctxt 182 $cc 183 $acr 200 00$aLife system modeling and simulation $einternational conference on life system modeling, and simulation, lsms 2007, Shanghai, China, september 14-17, 2007. Proceedings /$fedited by Kang Li, 4 others 205 $a1st ed. 2007. 210 1$aBerlin, Germany ;$aNew York, United States :$cSpringer,$d[2007] 210 4$d©2007 215 $a1 online resource (XX, 288 p.) 225 1 $aLecture notes in computer science. Lecture notes in bioinformatics, 4689,$x0302-9743 300 $aBibliographic Level Mode of Issuance: Monograph 311 $a3-540-74770-2 320 $aIncludes bibliographical references and index. 327 $aThe First Section: Modeling and Simulation of Societies and Collective Behavior -- The Second Section: Computational Methods and Intelligence in Biomechanical Systems, Tissue Engineering and Clinical Bioengineering -- The Third Section: Computational Intelligence in Bioinformatics and Biometrics -- The Fourth Section: Brain Stimulation, Neural Dynamics and Neural Interfacing -- The Fifth Section: Biological and Biomedical Data Integration, Mining and Visualization -- The Sixth Section: Computational Methods and Intelligence in Organism Modeling and Biochemical Networks and Regulation -- The Seventh Section: Computational Methods and Intelligence in Modeling of Molecular, Cellular, Multi-cellular Behavior and Design of Synthetic Biological Systems -- The Eighth Section: Others. 330 $aThe International Conference on Life System Modeling and Simulation (LSMS) was formed to bring together international researchers and practitioners in the field of life system modeling and simulation as well as life system-inspired theory and methodology. The concept of a life system is quite broad. It covers both micro and macro c- ponents ranging from cells, tissues and organs across to organisms and ecologic niches. These interact and evolve to produce an overall complex system whose beh- ior is difficult to comprehend and predict. The arrival of the 21st century has been marked by a resurgence of research interest both in arriving at a systems-level und- standing of biology and in applying such knowledge in complex real-world appli- tions. Consequently, computational methods and intelligence in systems, biology, as well as bio-inspired computational intelligence, have emerged as key drivers for new computational methods. For this reason papers dealing with theory, techniques and real-world applications relating to these two themes were especially solicited. Building on the success of a previous workshop in 2004, the 2007 International Conference on Life System Modeling and Simulation (LSMS 2007) was held in Shanghai, China, September 14?17, 2007. The conference was jointly organized by The Shanghai University, Queen's University Belfast together with The Life System Modeling and Simulation Special Interest Committee of the Chinese Association for System Simulation. 410 0$aLecture notes in computer science.$pLecture notes in bioinformatics ;$v4689. 517 3 $aLSMS 2007 606 $aBioinformatics$vCongresses 606 $aBiological systems$xSimulation methods$vCongresses 606 $aComputational intelligence$vCongresses 606 $aBiological models$vCongresses 606 $aComputational biology$vCongresses 615 0$aBioinformatics 615 0$aBiological systems$xSimulation methods 615 0$aComputational intelligence 615 0$aBiological models 615 0$aComputational biology 676 $a570.285 702 $aLi$b Kang$c(Computer scientist), 712 12$aInternational Conference on Life System Modeling and Simulation 801 0$bMiAaPQ 801 1$bMiAaPQ 801 2$bUtOrBLW 906 $aBOOK 912 $a996465604603316 996 $aLife System Modeling and Simulation$9772223 997 $aUNISA LEADER 01670nas 2200397 n 450 001 990009020060403321 005 20240229084532.0 011 $a0030-6231 035 $a000902006 035 $aFED01000902006 035 $a(Aleph)000902006FED01 035 $a000902006 091 $2CNR$aP 00021645 100 $a20161109a19489999km-y0itaa50------ba 101 0 $aita 102 $aIT 110 $aauu-------- 200 1 $a<>Ospedale 207 1$a1948- 210 $aTorino$cAssociazione Noz. Medici Direzioni Ospedalieri 326 $aMensile 530 0 $a<>Ospedale 675 $a362.11 675 $a362 676 $a362 712 02$aAssociazione Nazionale Medici Direzioni Ospedaliere 801 0$aIT$bACNP$c20090723 859 4 $uhttp://acnp.cib.unibo.it/cgi-ser/start/it/cnr/dc-p1.tcl?catno=13422&person=false&language=ITALIANO&libr=&libr_th=unina1$zBiblioteche che possiedono il periodico 901 $aSE 912 $a990009020060403321 958 $aBiblioteca di Igiene e medicina preventiva. Dipartimento di Scienze mediche preventive. Università degli studi di Napoli Federico II$b1972-1999;$c1997;1999;$e8 B$fDMIGI 959 $aDMIGI 996 $aOspedale$9327802 997 $aUNINA AP1 8 $6866-01$aNA111 Biblioteca di Igiene e medicina preventiva. Dipartimento di Scienze mediche preventive. Università degli studi di Napoli Federico II$b8 B$eVia Pansini,5 - Edif. 19 (piano terra), Napoli (NA)$m(081) 7463026$nit AP2 40$aacnp.cib.unibo.it$nACNP Italian Union Catalogue of Serials$uhttp://acnp.cib.unibo.it/cgi-ser/start/it/cnr/df-p.tcl?catno=13422&language=ITALIANO&libr=&person=&B=1&libr_th=unina&proposto=NO